000 00680nam a22002297a 4500
003 UA-OsUOA
001 67702
007 ta
008 20100309b un ||||| |||| 00| 0 ukr d
100 _aНекипелов А.
700 _aГоловнин М.
090 _a330
_bН47
942 _cSA
040 _aUA-OsUOA
_brus
_cUA-OsUOA
_dUA-OsUOA
245 _aСтратегия и тактика денежно-кредитной политики в условиях мирового экономического кризиса
300 _aС.4-21
955 _a0
041 _arus
080 _a330
773 0 _w67701
650 7 _a330 Економіка взагалі
_2UDC
999 _c353743
_d353743